Catálogo
 En Linea

El orígen lejano de una historia / (Registro nro. 49046)

Detalles MARC
000 -CABECERA
campo de control de longitud fija 00674nam a22002057a 4500
003 - IDENTIFICADOR DEL NÚMERO DE CONTROL
campo de control OSt
005 - FECHA Y HORA DE LA ÚLTIMA TRANSACCIÓN
campo de control 20220531084005.0
006 - CÓDIGOS DE INFORMACIÓN DE LONGITUD FIJA--CARACTERÍSTICAS DEL MATERIAL ADICIONAL
campo de control de longitud fija a||||er|||| 00| 0
007 - CAMPO FIJO DE DESCRIPCIÓN FÍSICA--INFORMACIÓN GENERAL
campo de control de longitud fija ta
008 - DATOS DE LONGITUD FIJA--INFORMACIÓN GENERAL
campo de control de longitud fija 201104b2019 dr ac|||r ||| 00| j esp d
040 ## - FUENTE DE LA CATALOGACIÓN
Centro catalogador/agencia de origen DO-SdBNP
Lengua de catalogación spa
Centro/agencia transcriptor BNPHU
041 ## - CÓDIGO DE LENGUA
Código de lengua original spa
082 ## - NÚMERO DE LA CLASIFICACIÓN DECIMAL DEWEY
Número de clasificación xxxx
Número de documento/Ítem O694L
245 ## - MENCIÓN DE TÍTULO
Título El orígen lejano de una historia /
Mención de responsabilidad, etc. José León Asencio , prólogo ; Vivián Jiménes , redacción ; Román Ramos Urías , fotografía
260 ## - PUBLICACIÓN, DISTRIBUCIÓN, ETC.
Lugar de publicación, distribución, etc. Santo Domingo :
Nombre del editor, distribuidor, etc. Grupo Ramos ,
Fecha de publicación, distribución, etc. 2019
300 ## - DESCRIPCIÓN FÍSICA
Extensión 225 pg :
Otras características físicas fotos ;
Dimensiones 26 cm
700 12 - PUNTO DE ACCESO ADICIONAL--NOMBRE DE PERSONA
Nombre de persona León Ascencio , José ,
Término indicativo de función/relación prólogo .
9 (RLIN) 77133
700 12 - PUNTO DE ACCESO ADICIONAL--NOMBRE DE PERSONA
Nombre de persona Jiménez , Vivian ,
Término indicativo de función/relación Redacción .
9 (RLIN) 12398
942 ## - ELEMENTOS DE PUNTO DE ACCESO ADICIONAL (KOHA)
Fuente del sistema de clasificación o colocación Dewey Decimal Classification
Tipo de ítem Koha Libro
Existencias
Estado de retiro Estado de pérdida Fuente del sistema de clasificación o colocación Restricciones de uso No para préstamo Código de colección Localización permanente Ubicación/localización actual Fecha de adquisición Fuente de adquisición Número de inventario Total de préstamos Signatura topográfica completa Fecha visto por última vez Precio válido a partir de Tipo de ítem Koha Código de barras Número de copia
    Dewey Decimal Classification Excluido de préstamo Excluido de préstamo Monografías: Libros y Folletos Patrimonio Dominicano Patrimonio Dominicano 31.07.2020 Depósito legal LF1   xxxx O694L 04.11.2020 04.11.2020 Libro    
    Dewey Decimal Classification Excluido de préstamo Préstamo restrigido Patrimonio Dominicano Patrimonio Dominicano Patrimonio Dominicano 31.07.2020 Depósito legal LF1   xxxx O694L 04.11.2020 04.11.2020 Libro y Folleto Colección Patrimonio Dominicano 49046-20 e.2

Con tecnología Koha